| 000 | 00421pab a2200145 454500 | ||
|---|---|---|---|
| 008 | 180718b1997 xxu||||| |||| 00| 0 eng d | ||
| 100 | _aMunshi, Asit | ||
| 245 | _aLevel of labour use: case study of a grass-root rural economy in a backward region of West Bengal | ||
| 260 | _c1997 | ||
| 300 | _ap.69-85 | ||
| 362 | _aSummer | ||
| 650 | _aLabour | ||
| 773 | _aStudies in Humanities and Social Sciences | ||
| 909 | _a37204 | ||
| 999 |
_c37204 _d37204 |
||